| 000 | 01029nam a2200241 a 4500 | ||
|---|---|---|---|
| 001 | BRCA_9054 | ||
| 005 | 20190320210516.0 | ||
| 008 | 010917s1795----sp-#######---#000-0#lat-# | ||
| 041 | _alat | ||
| 044 | _asp | ||
| 084 |
_aCO94 _b.H46 1795 |
||
| 100 | 1 |
_aHenno, Francisci _921948 |
|
| 245 | 1 | 0 |
_aR.P. F. Francisci Henno Teologia dogm. Moral. et scholast in gratiam et juvamen studios ae juventutis franciscan F.F. Minor. Recollectorum _btomus VI: complectens tractalus de extrema-unctione, ordine, et matrimonio cum apitome de qua in I. Tom... |
| 260 |
_aMatriti _bApud Benedictum cano _c1795 |
||
| 300 |
_a1VII, 362 p. (t.6) _c21.2 x 15.5 cm |
||
| 500 | _aSuperiorum permissu | ||
| 500 | _aSs hallará en la librería de Quiroga, calle de la Concepción Gerónima | ||
| 500 | _aEstado físico: presenta encuadernación en pergamino con cantos decorados | ||
| 650 | 1 | 4 |
_aMoral cristiana _yObras anteriores a 1800 _921666 |
| 650 | 1 | 4 |
_aTeología dogmática _yObras anteriores a 1800 _921949 |
| 902 | _aCFM | ||
| 942 |
_2lcc _cB |
||
| 999 |
_c8704 _d8704 |
||